| 000 | 00693cam a22002412 4500 | ||
|---|---|---|---|
| 001 | 34281 | ||
| 003 | UkOxU | ||
| 005 | 20211209052131.0 | ||
| 008 | 721212s1955 nyua 000 0 eng | ||
| 035 | _aOCLC ocm00512949 from D970611M | ||
| 040 |
_aDLC _cCSU _dOCL _dEQO _beng |
||
| 041 | _aeng | ||
| 082 |
_a307.76 _bQUU 1955 |
||
| 100 | 1 |
_aQuinn, James Alfred, _d1895- _9101758 |
|
| 245 | 1 | 0 |
_aUrban sociology / _cJames Alfred Quinn |
| 260 |
_aNew York : _bAmerican Book Co., _c1955 |
||
| 300 |
_a534 p. : _billus. ; _c23 cm. |
||
| 490 | 0 | _aAmerican sociology series | |
| 650 | 0 |
_aCities and towns. _9104218 |
|
| 650 | 0 |
_aSociology, Urban _9142079 |
|
| 942 |
_2ddc _cBK |
||
| 999 |
_c34281 _d34281 |
||